| 000 | 00311nam a2200097Ia 4500 | ||
|---|---|---|---|
| 008 | 220120s9999||||xx |||||||||||||| ||und|| | ||
| 100 |
_aBojamma and others _912506 |
||
| 245 | 0 | _aFace recognition using PCA and neural networks | |
| 260 |
_aCoorg Institute of Technology _bPonnampet _c2014 |
||
| 650 | _aCOMPUTER SCIENCE | ||
| 999 |
_c138104 _d138104 |
||